000 01242cam a22003855a 4500
001 15445785
003 OSt
005 20140407132401.0
008 080910s2007 nyuab b 000 1 eng
010 _a 2008276847
020 _a0545021332
020 _a0545021332 (pbk.)
040 _aDLC
_cDLC
041 1 _aeng
_hita
042 _alcac
050 0 0 _aPZ 7
_b.St857Ggmm 2008
130 0 _aStrano caso dei Giochi Olimpici.
_lEnglish.
_926208
245 1 0 _aGeronimo and the gold medal mystery /
_cGeronimo Stilton.
260 _aNew York :
_bScholastic,
_cc2007.
300 _a87 p. :
_bcol. ill., maps ;
_c20 cm.
500 _a"English translation...by Atlantyca S.p.A."--T.p. verso.
500 _aIncludes facts about the Olympics.
521 _aG6
526 _c810
562 _efor circulation. 1 copy available in the collection
650 1 _aMice
_vFiction.
_926209
650 1 _aOlympics
_vFiction.
_926210
650 1 _aJournalists
_vFiction.
_926211
650 1 _aMystery and detective stories.
_93790
650 1 _aHumorous stories.
_93831
906 _a7
_bcbc
_corigres
_d2
_encip
_f20
_gy-gencatlg
942 _2lcc
_cBK
999 _c42933
_d42933